| 000 | 01445cad a22002535a 4500 | ||
|---|---|---|---|
| 001 | E159135 | ||
| 008 | 080801s2012 stk f 000 0 eng d | ||
| 035 | _a(Sirsi) u159135 | ||
| 041 | 0 | _aeng | |
| 110 | 2 |
_aChartered Institute of Arbitrators _bScottish Branch _93828 |
|
| 245 | 0 | 0 |
_aScottish short form arbitration rules 2012 _h[electronic resource] |
| 260 |
_a[S.l.] _bChartered Institute of Arbitrators, Scottish Branch _c2012 |
||
| 505 | 2 | _aIntroduction -- Commencement of the arbitration -- Appointment of arbitrator -- Conduct of proceedings -- The award -- Arbitration expenses -- Interest -- Appendix | |
| 520 | _aProvides a fast track route to obtaining a binding decision from an arbitrator with limited recourse to the courts. These rules are designed to cover disputes up to £25,000 (plus VAT). They can be used for larger amounts by agreement of the parties. Effective 15 November 2012. | ||
| 521 | _aAdvanced | ||
| 590 | _aKA | ||
| 650 | 2 | 4 | _aARBITRATION RULES |
| 650 | 2 | 4 | _aARBITRATION (SCOTLAND) ACT 2010 |
| 651 | 4 |
_aScotland _y1999- |
|
| 690 | _aMANAGEMENT-DISPUTE AVOIDANCE, MANAGEMENT AND RESOLUTION-DISPUTE MANAGEMENT AND RESOLUTION-ARBITRATION | ||
| 690 |
_aDispute resolution _96236 |
||
| 856 | 4 | 0 |
_uhttps://www.ciarb.org/docs/default-source/scotland/scottish-short-form-arbitration-rules-%28ciarb%29-2012.pdf?sfvrsn=2 _zView the code free of charge at /www.ciarb.org/branches/great-britain/scotland |
| 942 | _n0 | ||
| 999 |
_c115695 _d115695 |
||